zpět

Detail výsledku týmu

Harry, Brno

Datum a čas kvízu

34 Celkem bodů Celkový počet nahraných bodů na tomto kvízu bez doplňovacích otázek.
11. Pořadí na kvízu Konečné umístění týmu na tomto kvízu.

Zaznamenané odpovědi

# Otázka Odpověď Body Výsledky
1. Jak se jmenuje funkcionář, jem... Josef Středula 1
2. Na mezinárodní vesmírnou stani... americká (3 členové), ruská (1 člen) 0.5
3. Frontman jedné úspěšné britské... Dakota Johnson, Chris Martin 0.5
4. Jedna dá se říci již legendárn... U Daana 0
5. Tři mužstva vyhrála v předkole... Litvínov, České Budějovice, Hradec Králové 0
6. Začneme prvním českým králem p... Rudolf (I. Habsburský) 0
7. Další „slavnou“ prohrou, která... ve Francii 0
8. Za naši slavnou prohru lze ozn... D 0
9. Bitva na Bílé hoře v roce 1620... D) 2 hodiny 0
10. Napište jména dvou mužů, kteří... Neville Chamberlain, Édouard Daladier 1